000 01201nam a22002537a 4500
003 AR-RoUNA
005 20260408062853.0
040 _aAR-RoUNA
_bspa
_dAR-RoUNA
041 _aspa
_hspa
044 _aag
110 _aSecretaria de Cultura del ECU. Universidad Nacional de Rosario
_927642
245 1 0 _aEspacio Cultural Universitario /
_cSecretaria de Cultura del ECU. Universidad Nacional de Rosario
260 _aRosario, (Santa Fe, Argentina) :
_bSecretari de Cultura,
_c[s.f]
300 _a[s.p.]
_bfot. col.
_c22x24 cm
520 3 _aEl documento presenta al Espacio Cultural Universitario (ECU) de la Universidad Nacional de Rosario como un proyecto de recuperacion y resignificacion de un edificio historico para convertirlo en un centro cultural activo. Su objetivo es funcionar como un lugar de encuentro entre la universidad, la comunidad y diversas expresiones artisticas culturales.
600 1 4 _aMaiorana,Dario
_927644
600 1 4 _aVarela,Maria Ines
_927645
650 4 _aCultura universitaria
650 4 _aExtension universitaria
651 0 _aRosario (Santa Fe, Argentina)
_91246
942 _2udc
945 _d2026-03-17
980 _61
_aMaricel Allasia
_8
_gCRON CRON
999 _c12364
_d12364